000 01033nam a22002537a 4500
001 5048
003 FISKH
005 20241104084821.0
008 241101b cb ||||| |||| 00| 0 eng d
020 _a9781407104287
040 _aFISKH
_beng
_cFISKH
_dFISKH
050 _aPS430
082 _a930.12
100 _aDeary, Terry
245 _aThe Savage Stone Age /
_cby Terry Deary : illustrated by Martin Brown
260 _aNew York :
_bScholastic ;
_c1999 .
300 _a139 pages :
_billustrations ;
_c20 cm .
490 _aHorrible Histories
520 _aReaders can discover all the facts about the Savage Stone Age including what they used instead of toilet paper, why a hole in the skull is good for headaches and how to make a Stone Age mummy. Refreshed with a fantastic new design for 2016, these bestselling titles are sure to be a huge hit with yet another generation of Terry Deary fans.
650 _aStone Age
_vnon-fiction
700 _aBrown, Martin
_eillustrator
942 _2ddc
_cBK
_n0
999 _c5048
_d5048